000 00356nam a22001337a 4500
008 170714b xxu||||| |||| 00| 0 eng d
020 _a2165195597001
041 _aeng
080 _a17
100 _a24
101 _aFIL
245 _aOXFORD PHILOSOPHICAL TEXTS AN ENQUIRY CONCERNING THE PRINCIPLES OF MORAL
_cBEAUCHAMP.T.L
942 _2udc
_cBK
999 _c20825
_d20825